000 00469nam a2200181Ia 4500
003 GCL
008 140319s9999 xx 000 0 eng d
040 _aGCL /
_cGCL
082 0 4 _a960.1
_bP A
100 1 _aPHILLIPSON, DAVID W.
245 1 0 _aAFRICAN ARCHAEOLOGY /
_cPHILLIPSON, DAVID W.
260 _a[S.N] :
_bCAMBRIBGE UNIVERSITY PRESS ،
_c1993
300 _a264 P
650 0 4 _aANTIQUITIES
650 0 4 _aAFRICA
650 0 4 _aMAN PREHISTORIC
942 _2ddc
_cBK
999 _c18094
_d18094